<?xml version="1.0" encoding="UTF-8"?>
<record
    xmlns:xsi="http://www.w3.org/2001/XMLSchema-instance"
    xsi:schemaLocation="http://www.loc.gov/MARC21/slim http://www.loc.gov/standards/marcxml/schema/MARC21slim.xsd"
    xmlns="http://www.loc.gov/MARC21/slim">

  <leader>01384nam a2200397 a 4500</leader>
  <datafield tag="999" ind1=" " ind2=" ">
    <subfield code="c">23924</subfield>
    <subfield code="d">23924</subfield>
  </datafield>
  <controlfield tag="001">vtls010089149</controlfield>
  <controlfield tag="005">20250924105457.0</controlfield>
  <controlfield tag="008">180730s2010    xr a          000 0 cze d</controlfield>
  <datafield tag="020" ind1=" " ind2=" ">
    <subfield code="a">9788073676957</subfield>
    <subfield code="q">(bro&#x17E;.)</subfield>
  </datafield>
  <datafield tag="040" ind1=" " ind2=" ">
    <subfield code="a">SVKBB</subfield>
    <subfield code="b">slo</subfield>
    <subfield code="c">SVKBB</subfield>
    <subfield code="e">AACR2</subfield>
  </datafield>
  <datafield tag="041" ind1="0" ind2=" ">
    <subfield code="a">cze</subfield>
  </datafield>
  <datafield tag="044" ind1=" " ind2=" ">
    <subfield code="a">xr</subfield>
    <subfield code="c">CZ</subfield>
  </datafield>
  <datafield tag="072" ind1=" " ind2="7">
    <subfield code="a">792</subfield>
    <subfield code="x">Divadlo. Divadeln&#xE9; predstavenia</subfield>
    <subfield code="2">konspekt</subfield>
  </datafield>
  <datafield tag="080" ind1=" " ind2=" ">
    <subfield code="a">792:37.016</subfield>
    <subfield code="2">2001</subfield>
  </datafield>
  <datafield tag="080" ind1=" " ind2=" ">
    <subfield code="a">316.346.32-053.5</subfield>
    <subfield code="2">2001</subfield>
  </datafield>
  <datafield tag="080" ind1=" " ind2=" ">
    <subfield code="a">(0:82-34)</subfield>
    <subfield code="2">2001</subfield>
  </datafield>
  <datafield tag="080" ind1=" " ind2=" ">
    <subfield code="a">(0:82-25)</subfield>
    <subfield code="2">2001</subfield>
  </datafield>
  <datafield tag="080" ind1=" " ind2=" ">
    <subfield code="a">(072)</subfield>
    <subfield code="2">2001</subfield>
  </datafield>
  <datafield tag="100" ind1="1" ind2=" ">
    <subfield code="a">C&#xED;lkov&#xE1;, Eva</subfield>
    <subfield code="9">4805</subfield>
  </datafield>
  <datafield tag="245" ind1="1" ind2="0">
    <subfield code="a">Hrajeme poh&#xE1;dky z cel&#xE9;ho sv&#x11B;ta</subfield>
    <subfield code="b">[scen&#xE1;&#x159;e poh&#xE1;dkov&#xFD;ch her pro d&#x11B;ti od 5 do 11 let]</subfield>
    <subfield code="c">Eva C&#xED;lkov&#xE1; ; ilustrovala Edita Plickov&#xE1;</subfield>
  </datafield>
  <datafield tag="250" ind1=" " ind2=" ">
    <subfield code="a">Vyd. 1.</subfield>
  </datafield>
  <datafield tag="260" ind1=" " ind2=" ">
    <subfield code="a">Praha</subfield>
    <subfield code="b">Port&#xE1;l</subfield>
    <subfield code="c">2010</subfield>
  </datafield>
  <datafield tag="300" ind1=" " ind2=" ">
    <subfield code="a">159 s.</subfield>
    <subfield code="b">lit.</subfield>
    <subfield code="c">24 cm</subfield>
  </datafield>
  <datafield tag="650" ind1="0" ind2="7">
    <subfield code="a">dramatick&#xE1; v&#xFD;chova</subfield>
    <subfield code="2">SNKPH</subfield>
    <subfield code="9">4806</subfield>
  </datafield>
  <datafield tag="650" ind1="0" ind2="7">
    <subfield code="a">deti &#x161;kolsk&#xE9;ho veku</subfield>
    <subfield code="2">SNKPH</subfield>
    <subfield code="9">4807</subfield>
  </datafield>
  <datafield tag="650" ind1="0" ind2="7">
    <subfield code="a">metodick&#xE9; pr&#xED;ru&#x10D;ky</subfield>
    <subfield code="2">SNKPH</subfield>
    <subfield code="9">4808</subfield>
  </datafield>
  <datafield tag="650" ind1="0" ind2="7">
    <subfield code="a">Fairy tales</subfield>
    <subfield code="2">SNKPHeng</subfield>
    <subfield code="9">4809</subfield>
  </datafield>
  <datafield tag="650" ind1="0" ind2="7">
    <subfield code="a">Drama in eduction</subfield>
    <subfield code="2">SNKPHeng</subfield>
    <subfield code="9">4810</subfield>
  </datafield>
  <datafield tag="650" ind1="0" ind2="7">
    <subfield code="a">School children</subfield>
    <subfield code="2">SNKPHeng</subfield>
    <subfield code="9">4811</subfield>
  </datafield>
  <datafield tag="655" ind1=" " ind2="7">
    <subfield code="a">Scenarios</subfield>
    <subfield code="2">SNKPHeng</subfield>
    <subfield code="9">4812</subfield>
  </datafield>
  <datafield tag="655" ind1=" " ind2="7">
    <subfield code="a">Methodological manuals</subfield>
    <subfield code="2">SNKPHeng</subfield>
    <subfield code="9">4813</subfield>
  </datafield>
  <datafield tag="655" ind1=" " ind2="7">
    <subfield code="a">rozpr&#xE1;vky</subfield>
    <subfield code="2">SNKPH</subfield>
    <subfield code="9">4361</subfield>
  </datafield>
  <datafield tag="655" ind1=" " ind2="7">
    <subfield code="a">scen&#xE1;re</subfield>
    <subfield code="2">SNKPH</subfield>
    <subfield code="9">4814</subfield>
  </datafield>
  <datafield tag="700" ind1="1" ind2=" ">
    <subfield code="a">Plickov&#xE1;, Edita,</subfield>
    <subfield code="d">1940-</subfield>
    <subfield code="4">ill</subfield>
    <subfield code="9">4815</subfield>
  </datafield>
  <datafield tag="952" ind1=" " ind2=" ">
    <subfield code="0">0</subfield>
    <subfield code="1">0</subfield>
    <subfield code="2">udc</subfield>
    <subfield code="4">0</subfield>
    <subfield code="7">0</subfield>
    <subfield code="8">D</subfield>
    <subfield code="a">10000</subfield>
    <subfield code="b">10000</subfield>
    <subfield code="d">2025-09-24</subfield>
    <subfield code="i">22280</subfield>
    <subfield code="o">S1578</subfield>
    <subfield code="p">S1578</subfield>
    <subfield code="r">2025-09-24</subfield>
    <subfield code="w">2025-09-24</subfield>
    <subfield code="y">OLDO</subfield>
  </datafield>
</record>
